[Event "Stamer Memorial"]
[Site "San Francisco"]
[Date "2005.06.04"]
[Round "2"]
[White "Chillakanti, Pratap"]
[Black "Chan, John"]
[Result "1-0"]
[WhiteElo "1359"]
[BlackElo "1626"]
[PlyCount "108"]
[EventDate "2005.06.04"]
[EventType "swiss"]
[EventRounds "6"]
[EventCountry "USA"]

1. d4 Nf6 2. Nf3 d6 3. g3 g6 4. Bg2 Bg7 5. O-O O-O 6. Re1 d5 7. Nc3 c6 8. e4
dxe4 9. Nxe4 Bf5 10. Nxf6+ exf6 11. c4 Na6 12. a3 Qd7 13. Nh4 Bh3 14. Bxh3 Qxh3
15. Bd2 Rfd8 16. Bc3 Nc5 17. Qc2 Ne6 18. Rad1 Rac8 19. Ng2 Ng5 20. Re3 Qg4 21.
Qe2 Nh3+ 22. Kf1 Qxe2+ 23. Rxe2 f5 24. f4 Rd7 25. Nh4 Bf6 26. Nf3 g5 27. fxg5
Nxg5 28. Nxg5 Bxg5 29. Rf2 Bf6 30. Rxf5 Bg7 31. Rd3 Re8 32. Rg5 h6 33. Rg4 Kh7
34. d5 Bxc3 35. bxc3 cxd5 36. cxd5 Re5 37. c4 b6 38. h4 a5 39. Kf2 Rd6 40. Rf4
f6 41. Rdf3 Kg6 42. Re3 Rf5 43. Kf3 h5 44. Re6 Rd8 45. Rxb6 Rxf4+ 46. Kxf4 Rc8
47. Rc6 Rb8 48. d6 Rb1 49. c5 Rf1+ 50. Ke4 Re1+ 51. Kf3 Kf7 52. Rc7+ Ke8 53. c6
Re6 54. Re7+ Kf8 {remainder illegible; W won in a few more moves} 1-0

[Event "Stamer Memorial"]
[Site "San Francisco"]
[Date "2005.06.04"]
[Round "2"]
[White "Cruz, Michael Da"]
[Black "Odondoo, IM Ganbold"]
[Result "0-1"]
[WhiteElo "1812"]
[BlackElo "2425"]
[PlyCount "38"]
[EventDate "2005.06.04"]
[EventType "swiss"]
[EventRounds "6"]
[EventCountry "USA"]

1. e4 e5 2. Nf3 Nc6 3. Bc4 g6 4. O-O Bg7 5. c3 Nf6 6. d4 Qe7 7. Bg5 d6 8. d5
Nb8 9. Nbd2 Nbd7 10. h3 h6 11. Be3 O-O 12. Nh2 Nh5 13. Ng4 Kh7 14. Bd3 Nf4 15.
Bxf4 exf4 16. Qf3 Qg5 17. Rfe1 h5 18. Nh2 Ne5 19. Qe2 Bxh3 0-1

[Event "Stamer Memorial"]
[Site "San Francisco"]
[Date "2005.06.04"]
[Round "2"]
[White "Liang, Bernard"]
[Black "Gurtovoy, Jason"]
[Result "0-1"]
[WhiteElo "1795"]
[BlackElo "1587"]
[PlyCount "40"]
[EventDate "2005.06.04"]
[EventType "swiss"]
[EventRounds "6"]
[EventCountry "USA"]

1. e4 c5 2. Nc3 Nc6 3. g3 e6 4. Bg2 a6 5. Nge2 Nf6 6. O-O d5 7. d3 d4 8. Nb1
Be7 9. f4 Qc7 10. h3 b5 11. g4 Bb7 12. Nd2 h5 13. g5 Nd7 14. Nf3 O-O-O 15. a3
g6 16. b4 cxb4 17. axb4 Bxb4 18. Nexd4 Nxd4 19. Nxd4 Bc3 20. Nxb5 Qb6+ 0-1

[Event "Stamer Memorial"]
[Site "San Francisco"]
[Date "2005.06.04"]
[Round "2"]
[White "Liou, Arthur"]
[Black "Benson, Mathew"]
[Result "1/2-1/2"]
[WhiteElo "1312"]
[BlackElo "1616"]
[PlyCount "122"]
[EventDate "2005.06.04"]
[EventType "swiss"]
[EventRounds "6"]
[EventCountry "USA"]

1. e4 e5 2. d4 exd4 3. c3 Nc6 4. Nf3 dxc3 5. Bc4 Qe7 6. O-O d6 7. Ng5 Nh6 8.
Nxc3 f6 9. Nf3 Bg4 10. Nd5 Qd7 11. Bxh6 Ne5 12. Be2 c6 13. Nxe5 Bxe2 14. Nxd7
Bxd1 15. Nxf8 Kxf8 16. Nc7 gxh6 17. Nxa8 Bg4 18. f3 Be6 19. Rfd1 Ke7 20. Nc7
Bd7 21. b3 Rc8 22. Nd5+ cxd5 23. Rxd5 Be8 24. Rad1 Rc6 25. Kf2 Rc2+ 26. R1d2
Rc6 27. h4 Bf7 28. R5d3 Bg6 29. g4 h5 30. gxh5 Bxh5 31. Rd5 Bf7 32. Ra5 a6 33.
Ke3 b5 34. Rd3 Bg6 35. a4 b4 36. h5 Bf7 37. f4 h6 38. e5 dxe5 39. fxe5 f5 40.
Kf4 Bxh5 41. Rd6 Rc3 42. Rxh6 Rf3+ 43. Kg5 Bf7 44. Raxa6 Rg3+ 45. Kxf5 Bd5 46.
Ra7+ Kf8 47. Rh8+ Rg8 48. Ra8+ Bxa8 49. Rxg8+ Kxg8 50. e6 Kf8 51. Ke5 Ke7 52.
a5 Bb7 53. Kd4 Kxe6 54. Kc4 Kd7 55. Kxb4 Ba6 56. Kc5 Kc7 57. b4 Kb7 58. Kd6 Bb5
59. Kd5 Ba6 60. Kd4 Bb5 61. Kc5 Ba6 1/2-1/2

[Event "Stamer Memorial"]
[Site "San Francisco"]
[Date "2005.06.04"]
[Round "2"]
[White "Mar, Craig"]
[Black "Rudyak, Felix"]
[Result "1-0"]
[WhiteElo "2428"]
[BlackElo "1909"]
[PlyCount "93"]
[EventDate "2005.06.04"]
[EventType "swiss"]
[EventRounds "6"]
[EventCountry "USA"]

1. d4 d5 2. c4 Nc6 3. Nc3 Nf6 4. Bg5 e6 5. e3 Be7 6. Nf3 O-O 7. Rc1 Ne4 8. Bxe7
Nxe7 9. Bd3 f5 10. cxd5 exd5 11. Ne5 c6 12. O-O Ng6 13. f4 Nxe5 14. fxe5 Qg5
15. Qf3 Nd2 16. Qf4 Qxf4 17. Rxf4 g5 18. Rf2 Ne4 19. Bxe4 fxe4 20. Rxf8+ Kxf8
21. Rf1+ Ke7 22. Rf6 Be6 23. Rh6 Bf5 24. h4 gxh4 25. Rxh4 Bg6 26. Rf4 Rf8 27.
Rxf8 Kxf8 28. Kh2 Ke7 29. b4 Ke6 30. Kg3 Kf5 31. Kh4 b6 32. g4+ Ke6 33. Ne2 Kd7
34. Kg5 c5 35. dxc5 bxc5 36. bxc5 Kc6 37. Nd4+ Kxc5 38. e6 Kc4 39. e7 Kc5 40.
Kf6 Kd6 41. g5 a6 42. Ne2 Be8 43. Nc3 Kc5 44. Ke5 Bf7 45. Nxd5 Kc4 46. Nf6 Kd3
47. Kf4 1-0

[Event "Stamer Memorial"]
[Site "San Francisco"]
[Date "2005.06.04"]
[Round "2"]
[White "Radaikin, Bruce"]
[Black "Starr, Albert"]
[Result "1/2-1/2"]
[WhiteElo "1804"]
[BlackElo "1294"]
[PlyCount "53"]
[EventDate "2005.06.04"]
[EventType "swiss"]
[EventRounds "6"]
[EventCountry "USA"]

1. d4 d5 2. c4 c6 3. Nc3 e6 4. e3 Nf6 5. Nf3 b6 6. Bd3 Bd6 7. O-O O-O 8. e4
dxe4 9. Nxe4 Nxe4 10. Bxe4 Qc7 11. Bxh7+ Kxh7 12. Ng5+ Kg6 13. g3 f5 14. Re1 e5
15. dxe5 Bxe5 16. Qe2 Nd7 17. f4 Bd4+ 18. Kf1 Ba6 19. Ne6 Qd6 20. Qd3 Rh8 21.
Nxd4 Qc5 22. b3 Rxh2 23. Ba3 Qxa3 24. Qxf5+ Kh6 25. Re6+ Nf6 26. Rxf6+ gxf6 27.
Qxf6+ 1/2-1/2

[Event "Stamer Memorial"]
[Site "San Francisco"]
[Date "2005.06.04"]
[Round "2"]
[White "Roper, Lee"]
[Black "Avestro, Menlo"]
[Result "1-0"]
[WhiteElo "1001"]
[BlackElo "1534"]
[PlyCount "98"]
[EventDate "2005.06.04"]
[EventType "swiss"]
[EventRounds "6"]
[EventCountry "USA"]

1. Nf3 d5 2. g3 c6 3. Bg2 Bf5 4. O-O h6 5. d3 Nf6 6. Nbd2 Nbd7 7. b3 e5 8. Bb2
Bd6 9. Re1 Bh7 10. e4 d4 11. Nc4 Bc7 12. Ba3 c5 13. b4 b5 14. Ncd2 a5 15. bxc5
b4 16. Bb2 Nxc5 17. Nc4 Nfd7 18. a3 O-O 19. Qd2 Na4 20. axb4 Nxb2 21. Nxb2 axb4
22. Qxb4 Ba5 23. Rxa5 Rxa5 24. Nc4 Rc5 25. Bh3 Rc7 26. Bxd7 Qxd7 27. Nfxe5 Qe6
28. f4 f6 29. f5 Qa6 30. Nf3 Rfc8 31. Nxd4 Rxc4 32. dxc4 Rxc4 33. Qb3 Kh8 34.
c3 Bg8 35. Ne6 Bxe6 36. fxe6 Qxe6 37. Qc2 Qe5 38. Re3 f5 39. Qd3 Qc5 40. Kg2
fxe4 41. Rxe4 Qc6 42. Qxc4 Qg6 43. Qc8+ Kh7 44. Re8 Qf7 45. Rh8+ Kg6 46. Qc6+
Kh5 47. Re8 g5 48. Re4 Qa2+ 49. Kh3 Qf7 1-0

[Event "Stamer Memorial"]
[Site "San Francisco"]
[Date "2005.06.04"]
[Round "2"]
[White "Russell, Joe"]
[Black "Parker, Harold"]
[Result "0-1"]
[WhiteElo "1227"]
[BlackElo "1569"]
[PlyCount "73"]
[EventDate "2005.06.04"]
[EventType "swiss"]
[EventRounds "6"]
[EventCountry "USA"]

1. d4 d5 2. c4 e6 3. e3 Nf6 4. Nc3 Be7 5. Nf3 O-O 6. Bd3 Nbd7 7. O-O c5 8. b3
cxd4 9. exd4 dxc4 10. bxc4 b6 11. Be3 Bb7 12. Re1 Rc8 13. h3 Re8 14. Qe2 Bb4
15. Bd2 h6 16. Rac1 Bd6 17. Nb5 Bb8 18. Qd1 a6 19. Nc3 e5 20. dxe5 Nxe5 21.
Nxe5 Bxe5 22. Be3 Kh8 23. Qd2 Bd6 24. Rb1 Qc7 25. Bxb6 Qc6 26. Rxe8+ Rxe8 27.
Bf1 Ne4 28. Nxe4 Qxe4 29. Rb2 Qe5 30. f4 Qxf4 31. Qxf4 Bxf4 32. Bf2 Bc8 33. c5
Kh7 34. Rb6 a5 35. Bb5 Rd8 36. Ba4 Rd2 37. g3 {
remainder illegible; B won in a few more moves} 0-1

[Event "Stamer Memorial"]
[Site "San Francisco"]
[Date "2005.06.04"]
[Round "2"]
[White "Salles, Antonio"]
[Black "Sawhill, Jamie"]
[Result "1-0"]
[WhiteElo "1724"]
[BlackElo "1457"]
[PlyCount "76"]
[EventDate "2005.06.04"]
[EventType "swiss"]
[EventRounds "6"]
[EventCountry "USA"]

1. d4 d5 2. c4 c6 3. Nc3 Nf6 4. Nf3 e6 5. e3 Nbd7 6. a3 Be7 7. Bd3 dxc4 8. Bxc4
b5 9. Bd3 a6 10. O-O c5 11. dxc5 Nxc5 12. Bc2 Bb7 13. b4 Nce4 14. Nxe4 Nxe4 15.
Bb2 Bf6 16. Nd4 O-O 17. Qd3 Bxd4 18. Bxd4 Qh4 19. f3 Nf6 20. e4 Rfd8 21. Qe3
Rac8 22. Bb3 Nh5 23. Rfd1 Qf4 24. g3 Qxe3+ 25. Bxe3 Kf8 26. Bc5+ Ke8 27. a4
Rxd1+ 28. Rxd1 Nf6 29. Kf2 Nd7 30. Bd4 e5 31. Bb2 f6 32. Bf7+ Ke7 33. Bb3 Nb6
34. axb5 axb5 35. Rc1 Rxc1 36. Bxc1 Nc4 37. Ke2 Nd6 38. Kd3 f5 {B time exp} 1-0

[Event "Stamer Memorial"]
[Site "San Francisco"]
[Date "2005.06.04"]
[Round "2"]
[White "Tsai, Chris"]
[Black "Falk, Charles"]
[Result "0-1"]
[WhiteElo "1587"]
[BlackElo "1138"]
[PlyCount "85"]
[EventDate "2005.06.04"]
[EventType "swiss"]
[EventRounds "6"]
[EventCountry "USA"]

1. d4 Nf6 2. Nf3 d5 3. Bg5 e6 4. e3 Be7 5. c3 O-O 6. Bd3 h6 7. Bf4 Nh5 8. Bg3
Nxg3 9. hxg3 Nd7 10. Bc2 Nf6 11. Ne5 c5 12. g4 cxd4 13. exd4 Ne4 14. Nd2 Nxd2
15. Qxd2 Bg5 16. Qd3 f5 17. g3 Qe8 18. f4 Bf6 19. O-O-O a5 20. Rdg1 b5 21. gxf5
Bxe5 22. fxe6 Qxe6 23. Qh7+ Kf7 24. fxe5 Qg4 25. Rxh6 Qg5+ 26. Kb1 Qxh6 27.
Rf1+ Ke7 28. Rxf8 Kxf8 29. Qd3 Qh1+ 30. Bd1 Qe4 31. Qxe4 dxe4 32. Bb3 Bg4 33.
Bd5 Rd8 34. Bxe4 Kf7 35. Kc2 g6 36. Kd3 Bf5 37. Bxf5 gxf5 38. Ke3 Kg6 39. Kf4
b4 40. c4 Rxd4+ 41. Ke3 Rxc4 42. e6 Kf6 43. e7 {and B won in a few more moves}
0-1

[Event "Stamer Memorial"]
[Site "San Francisco"]
[Date "2005.06.04"]
[Round "2"]
[White "Wang, Drake"]
[Black "Ogush, Michael"]
[Result "1-0"]
[WhiteElo "2169"]
[BlackElo "1824"]
[PlyCount "35"]
[EventDate "2005.06.04"]
[EventType "swiss"]
[EventRounds "6"]
[EventCountry "USA"]

1. e4 d6 2. d4 Nf6 3. Nc3 g6 4. Nf3 Bg7 5. Be3 c6 6. Qd2 b5 7. Bd3 Nbd7 8. a4
b4 9. Ne2 a5 10. Ng3 O-O 11. Bh6 Re8 12. Bxg7 Kxg7 13. e5 dxe5 14. dxe5 Ng4 15.
Qg5 Ngxe5 16. Nxe5 f6 17. Nh5+ Kg8 18. Qh6 1-0

[Event "Stamer Memorial"]
[Site "San Francisco"]
[Date "2005.06.04"]
[Round "2"]
[White "Xu, Davis"]
[Black "Falconer, Neil"]
[Result "1-0"]
[WhiteElo "1733"]
[BlackElo "1984"]
[PlyCount "63"]
[EventDate "2005.06.04"]
[EventType "swiss"]
[EventRounds "6"]
[EventCountry "USA"]

1. d4 Nf6 2. Nf3 b6 3. Bg5 Ne4 4. Bf4 Bb7 5. e3 e6 6. Bd3 Bb4+ 7. c3 Be7 8. Qc2
f5 9. Nbd2 Nxd2 10. Nxd2 d5 11. Nf3 O-O 12. g4 g6 13. gxf5 exf5 14. O-O-O c5
15. Rdg1 Qc8 16. h4 c4 17. Be2 Nc6 18. h5 Qe6 19. hxg6 hxg6 20. Rh6 Kg7 21.
Rgh1 Rh8 22. Qd1 Rxh6 23. Rxh6 Rh8 24. Qh1 Rxh6 25. Qxh6+ Kf7 26. Bg5 Ke8 27.
Bxe7 Nxe7 28. Ne5 Qg8 29. Bd1 Bc8 30. Ba4+ Kd8 31. Qg5 Bb7 32. Qf6 1-0

[Event "Stamer Memorial"]
[Site "San Francisco"]
[Date "2005.06.04"]
[Round "3"]
[White "Avestro, Menlo"]
[Black "Liang, Bernard"]
[Result "0-1"]
[WhiteElo "1534"]
[BlackElo "1795"]
[PlyCount "132"]
[EventDate "2005.06.04"]
[EventType "swiss"]
[EventRounds "6"]
[EventCountry "USA"]

1. e4 c5 2. Nf3 d6 3. c3 Nc6 4. Bb5 g6 5. d4 cxd4 6. cxd4 a6 7. Bc4 Bg7 8. O-O
Bg4 9. Be3 e6 10. h3 Bxf3 11. gxf3 Nge7 12. Nc3 O-O 13. a3 Qa5 14. Qd2 Qh5 15.
Kg2 Rac8 16. b4 Nxd4 17. Bxd4 Rxc4 18. Bxg7 Kxg7 19. Ne2 d5 20. Ng3 Qh6 21. Qd3
Rfc8 22. Rfe1 Rc3 23. Qd4+ Kg8 24. Qf6 R8c7 25. Rad1 Qg7 26. Qf4 h6 27. exd5
Nxd5 28. Rxd5 exd5 29. Rg1 R7c6 30. Kh2 Qf6 31. Qb8+ Kh7 32. Qxb7 Rxf3 33. Nh1
Rcc3 34. Qxd5 Rxh3+ 35. Kg2 Qf3+ 36. Qxf3 Rhxf3 37. a4 Ra3 38. Rc1 Rfb3 39. b5
axb5 40. axb5 Rxb5 41. Ng3 Re5 42. Rc7 Kg7 43. Rb7 Ra6 44. Nf1 Rae6 45. Ne3 Re7
46. Rb6 Rxe3 47. fxe3 Rxe3 48. Rb7 Kf6 49. Rb6+ Kf5 50. Kf2 Re5 51. Rb7 f6 52.
Rh7 h5 53. Rg7 g5 54. Rg8 Kf4 55. Rg6 f5 56. Ra6 h4 57. Rh6 Kg4 58. Rh8 f4 59.
Rg8 Re3 60. Rg7 h3 61. Rg8 Rg3 62. Rh8 Rg2+ 63. Kf1 Kg3 64. Rg8 g4 65. Rg7 f3
66. Rg8 h2 0-1

[Event "Stamer Memorial"]
[Site "San Francisco"]
[Date "2005.06.04"]
[Round "3"]
[White "Brown, Nicholas"]
[Black "Tsai, Chris"]
[Result "0-1"]
[WhiteElo "1437"]
[BlackElo "1587"]
[PlyCount "50"]
[EventDate "2005.06.04"]
[EventType "swiss"]
[EventRounds "6"]
[EventCountry "USA"]

1. d4 Nf6 2. c4 g6 3. Nc3 Bg7 4. e4 d6 5. Nf3 Nc6 6. a3 e5 7. Be2 Ne7 8. a4 O-O
9. O-O Ne8 10. Be3 f5 11. exf5 gxf5 12. Qc2 Ng6 13. Rad1 a6 14. b4 f4 15. Bc1
Qf6 16. Ne4 Qe7 17. c5 Bd7 18. cxd6 cxd6 19. Bb2 Rc8 20. Qb1 Bg4 21. Rc1 Nf6
22. Rxc8 Rxc8 23. Rc1 Rxc1+ 24. Bxc1 Nxe4 25. Qxe4 Qc7 {
remainder illegible; B won in about 47 moves} 0-1

[Event "Stamer Memorial"]
[Site "San Francisco"]
[Date "2005.06.04"]
[Round "3"]
[White "Chan, John"]
[Black "Liou, Arthur"]
[Result "1-0"]
[WhiteElo "1626"]
[BlackElo "1312"]
[PlyCount "120"]
[EventDate "2005.06.04"]
[EventType "swiss"]
[EventRounds "6"]
[EventCountry "USA"]

1. c4 c5 2. Nc3 Nc6 3. g3 Nf6 4. Bg2 g6 5. Nf3 Bg7 6. O-O O-O 7. e4 e5 8. d3 d6
9. h3 Be6 10. Kh2 Qd7 11. Be3 Nd4 12. Bxd4 cxd4 13. Ne2 Qe7 14. b4 a6 15. a4
Nd7 16. Rb1 f5 17. exf5 Bxf5 18. Nh4 Rab8 19. Nxf5 Rxf5 20. Bd5+ Kh8 21. g4 Rf6
22. Ng3 Nb6 23. Be4 Rbf8 24. Rb2 R8f7 25. a5 Nc8 26. Kg2 Bh6 27. Bd5 Rf8 28. b5
axb5 29. Rxb5 Qc7 30. Rxb7 Qxa5 31. Ne4 Rf4 32. g5 Bg7 33. Qe2 Qd8 34. Be6 Qe8
35. Bd7 Qd8 36. Bg4 Qe8 37. Rb8 Qc6 38. Rfb1 h5 39. gxh6 Bxh6 40. f3 R4f7 41.
Bxc8 Rd8 42. Be6 Rff8 43. R8b6 Qe8 44. Bg4 Qe7 45. Rb7 Qe8 46. R1b6 Rf7 47.
Rxf7 Qxf7 48. Nxd6 Qc7 49. Ra6 Bg7 50. Nb5 Qb7 51. Rxg6 Qf7 52. Qe4 Re8 53. Nd6
Qf8 54. Nxe8 Qxe8 55. Bh5 Qb8 56. Re6 Qb2+ 57. Kg3 Qd2 58. Re8+ Bf8 59. Rxf8+
Kg7 60. Rf7+ Kh6 1-0

[Event "Stamer Memorial"]
[Site "San Francisco"]
[Date "2005.06.04"]
[Round "3"]
[White "De, IM Ricardo"]
[Black "Wang, Drake"]
[Result "1-0"]
[WhiteElo "2438"]
[BlackElo "2169"]
[PlyCount "121"]
[EventDate "2005.06.04"]
[EventType "swiss"]
[EventRounds "6"]
[EventCountry "USA"]

1. d4 e6 2. Nf3 Nf6 3. Bg5 Be7 4. Nbd2 d5 5. Bxf6 Bxf6 6. e4 dxe4 7. Nxe4 Nd7
8. c3 Be7 9. Bd3 b6 10. Qe2 Bb7 11. O-O-O Nf6 12. Rhe1 O-O 13. Ne5 Nxe4 14.
Bxe4 Bxe4 15. Qxe4 Bd6 16. Nc6 Qg5+ 17. Kb1 Qd5 18. g3 a5 19. Qxd5 exd5 20. a4
Rfe8 21. Kc2 Kf8 22. Kd3 Re6 23. Rxe6 fxe6 24. Re1 Ke8 25. f4 Kd7 26. Ne5+ Bxe5
27. Rxe5 Rf8 28. Rg5 Rf7 29. b3 Kd6 30. Re5 c6 31. c4 Rf5 32. Re2 g5 33. fxg5
Rxg5 34. Rf2 dxc4+ 35. bxc4 c5 36. Rb2 Kc6 37. Re2 Rg6 38. Re5 cxd4 39. Kxd4
Rh6 40. Re2 Rg6 41. Re4 Kd6 42. Rh4 Rg7 43. Rh5 Rg4+ 44. Kd3 Rg7 45. Ke3 Rc7
46. Kd3 Rg7 47. Rb5 Kc6 48. Rb2 Kc5 49. Rb5+ Kc6 50. Re5 Kd6 51. Re3 Rf7 52.
Re4 Rf5 53. Ke2 Rf6 54. Rh4 Rf7 55. Rh5 Rc7 56. Kd3 Rg7 57. Rh6 Rf7 58. Ke3 Re7
59. Rh5 e5 60. Ke4 Ke6 61. Rh6+ 1-0

[Event "Stamer Memorial"]
[Site "San Francisco"]
[Date "2005.06.04"]
[Round "3"]
[White "Kitano, Hugo"]
[Black "Lupton, Stephen"]
[Result "0-1"]
[WhiteElo "1537"]
[BlackElo "1396"]
[PlyCount "42"]
[EventDate "2005.06.04"]
[EventType "swiss"]
[EventRounds "6"]
[EventCountry "USA"]

1. e4 e5 2. Nf3 Nc6 3. Bc4 Bc5 4. b4 Bxb4 5. c3 Ba5 6. d4 d6 7. dxe5 Bg4 8.
exd6 cxd6 9. Qb3 Qc7 10. Ng5 Ne5 11. Bb5+ Bd7 12. Bxd7+ Qxd7 13. O-O Nh6 14.
Rd1 O-O 15. Ba3 Rfd8 16. Rxd6 Qg4 17. Rxd8+ Rxd8 18. h3 Qxg5 19. Bc5 Nf3+ 20.
Kf1 Qc1+ 21. Ke2 Ng1# 0-1

[Event "Stamer Memorial"]
[Site "San Francisco"]
[Date "2005.06.04"]
[Round "3"]
[White "Mezentsev, Vladimir"]
[Black "D'Aloisio, Tony"]
[Result "1-0"]
[WhiteElo "2516"]
[BlackElo "2219"]
[PlyCount "57"]
[EventDate "2005.06.04"]
[EventType "swiss"]
[EventRounds "6"]
[EventCountry "USA"]

1. e4 e5 2. Nf3 Nc6 3. Bc4 Bc5 4. c3 Qe7 5. O-O d6 6. d4 Bb6 7. a4 a6 8. d5 Nb8
9. Nbd2 Nf6 10. Bd3 O-O 11. b4 Nh5 12. Nc4 Ba7 13. Nfxe5 dxe5 14. Qxh5 f6 15.
Kh1 g6 16. Qh6 Nd7 17. f4 f5 18. fxe5 Nxe5 19. Bg5 Qe8 20. Nxe5 Qxe5 21. Rac1
Bd7 22. Bf4 Qe7 23. exf5 Bxf5 24. Rce1 Qd7 25. Bc4 Rfe8 26. d6+ Be6 27. Rxe6
Rxe6 28. Be5 Rae8 29. Bxe6+ 1-0

[Event "Stamer Memorial"]
[Site "San Francisco"]
[Date "2005.06.04"]
[Round "3"]
[White "Ogush, Michael"]
[Black "Chillakanti, Pratap"]
[Result "0-1"]
[WhiteElo "1824"]
[BlackElo "1359"]
[PlyCount "64"]
[EventDate "2005.06.04"]
[EventType "swiss"]
[EventRounds "6"]
[EventCountry "USA"]

1. e4 e5 2. Bc4 Nf6 3. d3 Be7 4. f4 exf4 5. Bxf4 d6 6. Nf3 Nc6 7. O-O Na5 8.
Bb5+ c6 9. Ba4 b5 10. Bb3 Nxb3 11. axb3 O-O 12. Qe1 a5 13. b4 a4 14. b3 Bd7 15.
bxa4 bxa4 16. Bd2 Ng4 17. d4 f5 18. e5 dxe5 19. dxe5 Qb6+ 20. Kh1 f4 21. Qe4
Nf2+ 22. Rxf2 Qxf2 23. Na3 Qb6 24. c3 Be6 25. Nc4 Qc7 26. Bxf4 Bd5 27. Qd4 Rad8
28. Nd6 Bxf3 29. gxf3 Bxd6 30. exd6 Qf7 31. Bg3 Qxf3+ 32. Kg1 Rde8 0-1

[Event "Stamer Memorial"]
[Site "San Francisco"]
[Date "2005.06.04"]
[Round "3"]
[White "Oza, Nikunj"]
[Black "Parker, Harold"]
[Result "1-0"]
[WhiteElo "1846"]
[BlackElo "1569"]
[PlyCount "55"]
[EventDate "2005.06.04"]
[EventType "swiss"]
[EventRounds "6"]
[EventCountry "USA"]

1. d4 d5 2. Nf3 Nf6 3. Bf4 Bf5 4. c4 Bxb1 5. Rxb1 c6 6. Qb3 Qb6 7. c5 Qxb3 8.
axb3 Nbd7 9. e3 e6 10. b4 Be7 11. b5 O-O 12. bxc6 bxc6 13. Ba6 Ne4 14. Bb7 Rae8
15. Bxc6 Nef6 16. Ra1 Rc8 17. Bb7 Rce8 18. Rxa7 e5 19. Nxe5 Nxe5 20. Bxe5 Bxc5
21. dxc5 Rxe5 22. c6 d4 23. O-O dxe3 24. fxe3 Nd5 25. Rd1 Nc7 26. Rd7 Nb5 27.
Ra8 Rc5 28. Rdd8 1-0

[Event "Stamer Memorial"]
[Site "San Francisco"]
[Date "2005.06.04"]
[Round "3"]
[White "Roper, Lee"]
[Black "Salles, Antonio"]
[Result "0-1"]
[WhiteElo "1001"]
[BlackElo "1724"]
[PlyCount "138"]
[EventDate "2005.06.04"]
[EventType "swiss"]
[EventRounds "6"]
[EventCountry "USA"]

1. Nf3 d5 2. g3 c5 3. Bg2 Nc6 4. O-O Nf6 5. d3 e5 6. Nbd2 Be7 7. b3 O-O 8. Bb2
Qc7 9. c4 d4 10. Qc2 Bd7 11. a3 Rac8 12. Rfe1 Rfe8 13. e3 Bf8 14. Re2 Bg4 15.
h3 Bh5 16. g4 Bg6 17. Rae1 Rcd8 18. Nh4 dxe3 19. Rxe3 Nd4 20. Bxd4 exd4 21.
Rxe8 Rxe8 22. Rxe8 Nxe8 23. Nxg6 fxg6 24. Bd5+ Kh8 25. Ne4 Nf6 26. Nxf6 gxf6
27. Qe2 Qd7 28. Qf3 Kg7 29. Bxb7 Qe6 30. Kf1 Qb6 31. g5 fxg5 32. Bd5 Qc7 33.
Qg4 Qe7 34. b4 h5 35. Qg3 cxb4 36. axb4 Qxb4 37. Qe5+ Kh7 38. Qe6 Bg7 39. Be4
Qb1+ 40. Kg2 Qb6 41. Bxg6+ Kh6 42. Bf7+ Qxe6 43. Bxe6 a5 44. c5 Be5 45. Kf3 Kg6
46. Ke4 Kf6 47. Bd7 h4 48. f3 Bg3 49. Kxd4 Bf2+ 50. Kd5 Ke7 51. c6 Bb6 52. Kc4
Kd6 53. Kb5 Bc7 54. d4 Bd8 55. Bf5 Kd5 56. Be4+ Kxd4 57. Ka6 a4 58. Bc2 a3 59.
Bb3 Kc5 60. Kb7 Kd6 61. Bf7 Ba5 62. Ba2 Ke5 63. Bf7 Kf4 64. Bd5 Kg3 65. Ka6 Bc7
66. Kb7 Bd8 67. c7 Bxc7 68. Kxc7 Kxh3 69. Be6+ Kg3 0-1

[Event "Stamer Memorial"]
[Site "San Francisco"]
[Date "2005.06.04"]
[Round "3"]
[White "Rudyak, Felix"]
[Black "Woebcke, Carl"]
[Result "1/2-1/2"]
[WhiteElo "1909"]
[BlackElo "1637"]
[PlyCount "84"]
[EventDate "2005.06.04"]
[EventType "swiss"]
[EventRounds "6"]
[EventCountry "USA"]

1. d4 d5 2. c4 e6 3. a3 b6 4. Nc3 Nf6 5. Bf4 Bd6 6. Bg3 a6 7. Nf3 Bb7 8. e3
Nbd7 9. b4 Bxg3 10. hxg3 c5 11. bxc5 bxc5 12. Rb1 Rb8 13. Qa4 O-O 14. Qc2 Qa5
15. g4 Ne4 16. Rc1 Bc6 17. Nd2 Qxc3 18. Qxc3 Nxc3 19. Rxc3 cxd4 20. exd4 g5 21.
Rch3 f5 22. Rxh7 Nf6 23. Rh8+ Kg7 24. Rxf8 Rxf8 25. gxf5 exf5 26. Nf3 Re8+ 27.
Be2 dxc4 28. Ne5 Bb5 29. O-O c3 30. Bxb5 axb5 31. Rc1 Nd5 32. Nd3 Re2 33. Nb4
Nxb4 34. axb4 c2 35. Kf1 Rd2 36. Ke1 Rxd4 37. Rxc2 Rxb4 38. Ke2 Kf6 39. Kd3 Ke6
40. Rc6+ Kd5 41. Rf6 Rd4+ 42. Kc3 b4+ 1/2-1/2

[Event "Stamer Memorial"]
[Site "San Francisco"]
[Date "2005.06.04"]
[Round "3"]
[White "Sawhill, Jamie"]
[Black "Russell, Joe"]
[Result "0-1"]
[WhiteElo "1457"]
[BlackElo "1227"]
[PlyCount "72"]
[EventDate "2005.06.04"]
[EventType "swiss"]
[EventRounds "6"]
[EventCountry "USA"]

1. d4 d5 2. c4 e6 3. Nc3 Nf6 4. Nf3 Nbd7 5. Bg5 h6 6. Bh4 Be7 7. e3 c6 8. Rc1
O-O 9. Bd3 dxc4 10. Bxc4 b5 11. Bd3 a6 12. Ne4 Qa5+ 13. Nfd2 Bb7 14. a3 b4 15.
Nb3 Qb6 16. a4 Qd8 17. Nec5 Bc8 18. O-O a5 19. Bg3 Nxc5 20. Nxc5 Bxc5 21. Rxc5
Bb7 22. Bh4 g5 23. Bg3 Nd7 24. Rc1 f5 25. Bd6 Rf7 26. e4 fxe4 27. Bxe4 Nf6 28.
Bxc6 Bxc6 29. Rxc6 Qd7 30. Qc2 Nd5 31. Be5 Kf8 32. Rc1 Rf5 33. Qc5+ Kf7 34. Qd6
Qxd6 35. Bxd6 Re8 36. Ra6 Re7 0-1

[Event "Stamer Memorial"]
[Site "San Francisco"]
[Date "2005.06.04"]
[Round "3"]
[White "Sowell, Nelson"]
[Black "Falk, Charles"]
[Result "1-0"]
[WhiteElo "1733"]
[BlackElo "1138"]
[PlyCount "71"]
[EventDate "2005.06.04"]
[EventType "swiss"]
[EventRounds "6"]
[EventCountry "USA"]

1. d4 Nf6 2. c4 Nc6 3. g3 e5 4. d5 Ne7 5. Bg2 d6 6. Nc3 a6 7. Nf3 h6 8. O-O c6
9. dxc6 Nxc6 10. a3 Be7 11. Qc2 Be6 12. b3 Qd7 13. Rd1 b6 14. Na4 Rb8 15. Be3
Bf5 16. Qb2 Qc7 17. Rac1 O-O 18. b4 b5 19. cxb5 axb5 20. Nxe5 dxe5 21. Rxc6 Qb7
22. Rxf6 Qxg2+ 23. Kxg2 Bxf6 24. Nc5 e4 25. Bd4 Bxd4 26. Rxd4 Rfe8 27. e3 h5
28. h3 Rb6 29. Rd5 Bg6 30. Qd4 Rbb8 31. Nd7 Ra8 32. Ne5 Rxa3 33. Nxg6 fxg6 34.
Rd8 Rxd8 35. Qxd8+ Kh7 36. Qd5 1-0

[Event "Stamer Memorial"]
[Site "San Francisco"]
[Date "2005.06.04"]
[Round "3"]
[White "Starr, Albert"]
[Black "Krubnik, Ewelina"]
[Result "1/2-1/2"]
[WhiteElo "1294"]
[BlackElo "1754"]
[PlyCount "61"]
[EventDate "2005.06.04"]
[EventType "swiss"]
[EventRounds "6"]
[EventCountry "USA"]

1. b4 e5 2. b5 d5 3. e3 Nf6 4. Bb2 Bd6 5. Nf3 e4 6. Nd4 O-O 7. Be2 c5 8. Nb3
Nbd7 9. O-O Qc7 10. g3 Be5 11. c3 Ne8 12. f4 exf3 13. Bxf3 Ndf6 14. Kg2 Nd6 15.
d4 Bxg3 16. hxg3 c4 17. N3d2 Nxb5 18. a4 Nd6 19. Ba3 Nf5 20. Qe1 Re8 21. e4
dxe4 22. Nxe4 Nxe4 23. Bxe4 Bd7 24. Nd2 Nd6 25. Qf2 Be6 26. Bxb7 Rab8 27. Rab1
Qd7 28. Bf3 Bh3+ 29. Kh2 Bxf1 30. Rxf1 Rb6 31. Bg2 {remainder illegible}
1/2-1/2